000 00526nam a22001937a 4500
003 BUBTL
008 170316b xxu||||| |||| 00| 0 eng d
020 _a81-86308-63-6
082 _a669.9SIP
100 _91136
_aSing,Vijendra
245 _aPhysical Metallurgy
260 _aDelhi
_bStandard Publishers Distributors
_cc1999
300 _a808p.
_bills.
_c24cm.
650 0 _91138
_aTextile Engineering
700 _91137
_aSing,Vijendra
856 _k0
_l0
_yDownload
942 _2ddc
_cBK
999 _c5434
_d5434